New economics as mainstream economics. (Record no. 7685)

MARC details
000 -LEADER
fixed length control field 00632nam a22002057a 4500
003 - CONTROL NUMBER IDENTIFIER
control field OSt
005 - DATE AND TIME OF LATEST TRANSACTION
control field 20220214155739.0
008 - FIXED-LENGTH DATA ELEMENTS--GENERAL INFORMATION
fixed length control field 220214b ||||| |||| 00| 0 eng d
020 ## - INTERNATIONAL STANDARD BOOK NUMBER
International Standard Book Number 9780230298774
040 ## - CATALOGING SOURCE
Transcribing agency ddc
082 ## - DEWEY DECIMAL CLASSIFICATION NUMBER
Classification number 338.9 NEW 2011
100 ## - MAIN ENTRY--PERSONAL NAME
Personal name edited by Philip, Arestis : Malcolm ,Sawyer
9 (RLIN) 15704
245 ## - TITLE STATEMENT
Title New economics as mainstream economics.
260 ## - PUBLICATION, DISTRIBUTION, ETC. (IMPRINT)
Place of publication, distribution, etc. New York :
Name of publisher, distributor, etc. Palgrave Macmillan;
Date of publication, distribution, etc. 2011
300 ## - PHYSICAL DESCRIPTION
Extent xi, 239 pages :
Other physical details illustrations ;
Dimensions 23 cm
504 ## - BIBLIOGRAPHY, ETC. NOTE
Bibliography, etc Includes bibliographical references and index
650 ## - SUBJECT ADDED ENTRY--TOPICAL TERM
Topical term or geographic name as entry element Neoliberalism.
9 (RLIN) 5757
650 ## - SUBJECT ADDED ENTRY--TOPICAL TERM
Topical term or geographic name as entry element Macroeconomics.
9 (RLIN) 7608
942 ## - ADDED ENTRY ELEMENTS (KOHA)
Source of classification or shelving scheme Dewey Decimal Classification
Koha item type Book
Holdings
Withdrawn status Lost status Source of classification or shelving scheme Damaged status Not for loan Home library Current library Date acquired Source of acquisition Inventory number Total Checkouts Full call number Barcode Date last seen Price effective from Koha item type
    Dewey Decimal Classification     MUST Main Library MUST Main Library 14/02/2022 Purchase 14/38658   338.9 NEW 2011 2022-0174 14/02/2022 14/02/2022 Book